| 000 | 00900nam a2200265 a 4500 | ||
|---|---|---|---|
| 001 | 61596 | ||
| 003 | BD-RjUL | ||
| 005 | 20211209081000.0 | ||
| 008 | 170119s2003 nyua b 001 0 eng d | ||
| 020 | _a0072472642 (alk. paper) | ||
| 035 | _a(BD-RjUL)61720 | ||
| 040 |
_aBD-RjUL _cBD-RjUL _dBD-RjUL _beng |
||
| 041 | _aeng | ||
| 082 | 0 | 0 |
_a658.4038 _223 _bOBI 2003 |
| 100 | 1 |
_aO'Brien, James A., _d1936- _9182448 |
|
| 245 | 1 | 0 |
_aIntroduction to information systems : _bessentials for the E-business enterprise / _cJames A. O'Brien. |
| 250 | _a11th ed. | ||
| 260 |
_aBoston : _bMcGraw-Hill/Irwin, _cc2003. |
||
| 300 |
_axxii, Various pages : _b ill. ; _c29 cm. |
||
| 504 | _aIncludes bibliographical references and index. | ||
| 650 | 0 |
_aBusiness _xData processing. _9181826 |
|
| 650 | 0 |
_aManagement _xData processing. _9176924 |
|
| 650 | 0 |
_aManagement information systems. _9182156 |
|
| 942 |
_2ddc _cBK |
||
| 999 |
_c61596 _d61596 |
||